| 000 | 00539nam a2200193Ia 4500 | ||
|---|---|---|---|
| 005 | 20250923145408.0 | ||
| 008 | 008 250917s9999 xx 000 0 eng d | ||
| 037 | _aTextual | ||
| 040 |
_aDSWL _beng _cDSWL |
||
| 041 |
_aeng _2eng |
||
| 084 |
_aQ43wN35, N62;1 _qDSWL |
||
| 245 | 0 |
_aMy land and my people _c Ed. by David Howarth |
|
| 260 |
_aBombay _bAsia Pub. House _c1962 |
||
| 300 | _axv,253p. | ||
| 365 |
_aINR _b16 . 0 |
||
| 925 | _g16 . 0 | ||
| 942 |
_cTEXL _hQ43wN35, N62;1 |
||
| 999 |
_c1450850 _d1450850 |
||